| 000 | 00534 a2200169 4500 | ||
|---|---|---|---|
| 003 | OSt | ||
| 005 | 20230916105329.0 | ||
| 008 | 230916b |||||||| |||| 00| 0 eng d | ||
| 020 | _a9781474998161 | ||
| 040 | _coclc | ||
| 082 |
_a612 _bHUL/L |
||
| 100 | 1 |
_aHull, Sarah _c(Usborne children's author) _99498 |
|
| 245 |
_aLots of things to know about your body / _cSarah Hull, illustrated by Susanna Rumiz |
||
| 260 |
_aLondon: _bUsborne Publishing, |
||
| 300 | _a64 p | ||
| 942 |
_2ddc _cBK _h612 _iHUL/L _k612 _mHUL/L |
||
| 999 |
_c42458 _d42458 |
||